00429nam a2200181Ia 4500008004100000020001800041050001400059100002000073245002000093245002500113245002300138260001500161260001600176260000900192300001600201300002000217300001000237170918s9999 xx 000 0 und d a9780545663298 bP291 2013 aPastis, Stephan aTimmy failure : bmistakes were made / cby Stephan Pastis. aNew York : bScholastic, c2013 a294 pages : billustrations : c19cm.